Modern political theory. (Record no. 306)

MARC details
000 -LEADER
fixed length control field 00428cam a2200181ua 4500
008 - FIXED-LENGTH DATA ELEMENTS--GENERAL INFORMATION
fixed length control field 110330n ii |||gr||||Z||||||eng
040 ## - CATALOGING SOURCE
Transcribing agency MAIN
082 ## - DEWEY DECIMAL CLASSIFICATION NUMBER
Classification number 320.5
245 12 - TITLE STATEMENT
Title Modern political theory.
Statement of responsibility, etc. By R. S Chaurasia.
250 ## - EDITION STATEMENT
Edition statement 1st.
260 ## - PUBLICATION, DISTRIBUTION, ETC.
Place of publication, distribution, etc. Delhi.:
Name of publisher, distributor, etc. King books.
300 ## - PHYSICAL DESCRIPTION
Extent 456 p.:5 cm.
700 ## - ADDED ENTRY--PERSONAL NAME
Personal name Chaurasia, R. S.,
942 ## - ADDED ENTRY ELEMENTS (KOHA)
Koha item type Books
653 ## - INDEX TERM--UNCONTROLLED
Uncontrolled term Political science.
653 ## - INDEX TERM--UNCONTROLLED
Uncontrolled term Modern theory.
Holdings
Withdrawn status Lost status Damaged status Not for loan Home library Current library Shelving location Date acquired Total Checkouts Full call number Barcode Date last seen Date last checked out Copy number Price effective from Koha item type
        Central Library, Naharkatiya College Central Library, Naharkatiya College   19/09/2020 1 320.5 | CHA 1537 03/09/2024 13/08/2024 1 19/09/2020 Books

Naharkatiya College © 2020. All rights reserved.

Powered By